000 01862nam a22002297a 4500
999 _c58072
_d58072
003 Ge_BSU
005 20221221140012.0
008 210608s2021 ge ||||| |||| 00| 0 geo d
041 _ageo
080 _a82 ფ-94
100 _aფუტკარაძე, ციური
_911971
245 _aისტორიულ პირთა მხატვრული სახეები XIX საუკუნის ქართულ მწერლობაში /
_cციური ფუტკარაძე; სამეცნიერო ხელმძღვანელი გურამ ბახტაძე; ბათუმის შოთა რუსთაველის სახელმწიფო უნივერსიტეტი. ჰუმანიტარულ მეცნიერებათა ფაკულტეტი. ქართული ფილოლოგიის დეპარტამენტი.
264 _aბათუმი,
_c2021.
300 _a188 გვ.
_b30 სმ.
504 _aბიბლიოგრ. გვ.184-188
653 _aისტორიულ პირთა მხატვრული სახეები XIX საუკუნის ქართულ მწერლობაში
653 _aფილოლოგია
653 _aდისერტაცია
700 _aბახტაძე, გურამ
_eსამეცნიერო ხელმძღვანელი
_911972
710 _aბათუმის შოთა რუსთაველის სახელმწიფო უნივერსიტეტი.
_bჰუმანიტარულ მეცნიერებათა ფაკულტეტი. ქართული ფილოლოგიის დეპარტამენტი.
_911973
942 _2udc
_cDS